Краудфандинговые технологии как способ реализации социальных проектов; Информационные технологии в науке, управлении, социальной сфере и медицине; Ч. 2

Podrobná bibliografie
Parent link:Информационные технологии в науке, управлении, социальной сфере и медицине: сборник научных трудов III Международной научной конференции, 23-26 мая 2016 г., Томск.— , 2016
Ч. 2.— 2016.— [С. 373-377]
Hlavní autor: Грахов А. А.
Korporativní autor: Национальный исследовательский Томский политехнический университет (ТПУ) Институт социально-гуманитарных технологий (ИСГТ) Кафедра менеджмента (МЕН)
Další autoři: Жирова Е. И. (научный руководитель), Грахова Е. А. Елена Александровна
Shrnutí:Заглавие с титульного экрана
The purpose of this article to consider the concept of crowdfunding, crowdfunding platforms, crowdfunding impact on social project. Also presented comparative statistics of themost popular Russian and foreign crowdfunding platform.
Jazyk:ruština
Vydáno: 2016
Edice:Информационные технологии и моделирование в маркетинге
Témata:
On-line přístup:http://earchive.tpu.ru/handle/11683/31495
Médium: MixedMaterials Elektronický zdroj Kapitola
KOHA link:https://koha.lib.tpu.ru/cgi-bin/koha/opac-detail.pl?biblionumber=619769

MARC

LEADER 00000naa2a2200000 4500
001 619769
005 20231101133058.0
035 |a (RuTPU)RU\TPU\conf\18205 
035 |a RU\TPU\conf\18204 
090 |a 619769 
100 |a 20160831d2016 k y0rusy50 ca 
101 0 |a rus 
102 |a RU 
105 |a y z 101zy 
135 |a drgn ---uucaa 
181 0 |a i  
182 0 |a b 
200 1 |a Краудфандинговые технологии как способ реализации социальных проектов  |d Crowdfunding technologies as a way of implementation of social projects  |f А. А. Грахов, Е. И. Жирова  |g науч. рук. Е. А. Грахова 
203 |a Текст  |c электронный 
225 1 |a Информационные технологии и моделирование в маркетинге 
230 |a 1 компьютерный файл (pdf; 486 Kb) 
300 |a Заглавие с титульного экрана 
320 |a [Библиогр.: с. 376-377 (7 назв.)] 
330 |a The purpose of this article to consider the concept of crowdfunding, crowdfunding platforms, crowdfunding impact on social project. Also presented comparative statistics of themost popular Russian and foreign crowdfunding platform. 
461 1 |0 (RuTPU)RU\TPU\conf\17281  |t Информационные технологии в науке, управлении, социальной сфере и медицине  |o сборник научных трудов III Международной научной конференции, 23-26 мая 2016 г., Томск  |o в 2 ч.  |d 2016 
463 1 |0 (RuTPU)RU\TPU\conf\17287  |t Ч. 2  |f Национальный исследовательский Томский политехнический университет (ТПУ) ; под ред. О. Г. Берестневой [и др.]  |v [С. 373-377]  |d 2016 
510 1 |a Crowdfunding technologies as a way of implementation of social projects  |z eng 
610 1 |a труды учёных ТПУ 
610 1 |a электронные ресурсы 
610 1 |a планирование 
610 1 |a социальные проекты 
610 1 |a финансирование 
610 1 |a краудфандинг 
610 1 |a платформы 
700 1 |a Грахов  |b А. А. 
701 1 |a Жирова  |b Е. И. 
702 1 |a Грахова  |b Е. А.  |c экономист  |c ассистент Томского политехнического университета  |f 1981-  |g Елена Александровна  |2 stltpush  |4 727 
712 0 2 |a Национальный исследовательский Томский политехнический университет (ТПУ)  |b Институт социально-гуманитарных технологий (ИСГТ)  |b Кафедра менеджмента (МЕН)  |h 150  |2 stltpush  |3 (RuTPU)RU\TPU\col\18855 
801 2 |a RU  |b 63413507  |c 20160912  |g RCR 
856 4 |u http://earchive.tpu.ru/handle/11683/31495 
942 |c BK